|
|
|
|
| LEADER |
00000caa a2200000 c 4500 |
| 001 |
1640123415 |
| 003 |
DE-627 |
| 005 |
20220608131201.0 |
| 007 |
tu |
| 008 |
140815s2014 xx ||||| 00| ||eng c |
| 035 |
|
|
|a (DE-627)1640123415
|
| 035 |
|
|
|a (DE-576)411913492
|
| 035 |
|
|
|a (DE-599)BSZ411913492
|
| 040 |
|
|
|a DE-627
|b ger
|c DE-627
|e rakwb
|
| 041 |
|
|
|a eng
|
| 100 |
1 |
|
|a Piza, Eric L.
|0 (DE-588)121088366X
|0 (DE-627)169875759X
|0 (DE-576)411913328
|4 aut
|
| 109 |
|
|
|a Piza, Eric L.
|a Piza, Eric
|
| 245 |
1 |
0 |
|a Saturation foot-patrol in a high-violence area
|b a quasi-experimental evaluation
|c Eric L. Piza; Brian A. O'Hara
|
| 264 |
|
1 |
|c 2014
|
| 336 |
|
|
|a Text
|b txt
|2 rdacontent
|
| 337 |
|
|
|a ohne Hilfsmittel zu benutzen
|b n
|2 rdamedia
|
| 338 |
|
|
|a Band
|b nc
|2 rdacarrier
|
| 700 |
1 |
|
|a O'Hara, Brian A.
|4 aut
|
| 773 |
0 |
8 |
|i In
|t Justice quarterly
|d Abingdon, Oxfordshire : Routledge, 1984
|g 31(2014), 4, Seite 693-718
|w (DE-627)166984612
|w (DE-600)356637-7
|w (DE-576)015443914
|x 0741-8825
|7 nnas
|
| 773 |
1 |
8 |
|g volume:31
|g year:2014
|g number:4
|g pages:693-718
|
| 951 |
|
|
|a AR
|
| ELC |
|
|
|b 1
|
| LOK |
|
|
|0 000 xxxxxcx a22 zn 4500
|
| LOK |
|
|
|0 001 3301466397
|
| LOK |
|
|
|0 003 DE-627
|
| LOK |
|
|
|0 004 1640123415
|
| LOK |
|
|
|0 005 20250401112445
|
| LOK |
|
|
|0 008 140815||||||||||||||||ger|||||||
|
| LOK |
|
|
|0 040
|a DE-21-110
|c DE-627
|d DE-21-110
|
| LOK |
|
|
|0 689
|a s
|a Fußstreife
|
| LOK |
|
|
|0 689
|a s
|a Kriminalitätsbekämpfung
|
| LOK |
|
|
|0 689
|a s
|a Gewalt
|
| LOK |
|
|
|0 689
|a s
|a Hot-Spots-Ansatz
|
| LOK |
|
|
|0 689
|a s
|a Wirksamkeit
|
| LOK |
|
|
|0 689
|a s
|a Kriminalitätsverdrängung
|
| LOK |
|
|
|0 852
|a DE-21-110
|
| LOK |
|
|
|0 852 1
|m p
|9 00
|
| LOK |
|
|
|0 938
|k p
|
| LOK |
|
|
|0 939
|a 15-08-14
|b l01
|
| ORI |
|
|
|a SA-MARC-krimdoka001.raw
|